<?xml version="1.0" encoding="UTF-8"?>
<record
    xmlns:xsi="http://www.w3.org/2001/XMLSchema-instance"
    xsi:schemaLocation="http://www.loc.gov/MARC21/slim http://www.loc.gov/standards/marcxml/schema/MARC21slim.xsd"
    xmlns="http://www.loc.gov/MARC21/slim">

  <leader>00652nam a22002297a 4500</leader>
  <controlfield tag="001">84823</controlfield>
  <controlfield tag="003">BD-RjUL</controlfield>
  <controlfield tag="005">20250417102857.0</controlfield>
  <controlfield tag="008">250417s1949    us a|||| e||| 00| 0 eng d</controlfield>
  <datafield tag="035" ind1=" " ind2=" ">
    <subfield code="a">(BD-RjUL)84823</subfield>
  </datafield>
  <datafield tag="040" ind1=" " ind2=" ">
    <subfield code="a">BD-RjUL</subfield>
    <subfield code="b">eng</subfield>
    <subfield code="c">BD-RjUL</subfield>
    <subfield code="d">DLC</subfield>
    <subfield code="e">DLC</subfield>
  </datafield>
  <datafield tag="041" ind1=" " ind2=" ">
    <subfield code="a">eng</subfield>
  </datafield>
  <datafield tag="082" ind1=" " ind2=" ">
    <subfield code="2">23</subfield>
    <subfield code="a">031</subfield>
    <subfield code="b">AME 1949</subfield>
  </datafield>
  <datafield tag="245" ind1=" " ind2=" ">
    <subfield code="a">The Encyclopedia Americana</subfield>
  </datafield>
  <datafield tag="246" ind1=" " ind2=" ">
    <subfield code="a">Complete in Thirty Volumes</subfield>
  </datafield>
  <datafield tag="260" ind1=" " ind2=" ">
    <subfield code="a">New York, U. S. A.</subfield>
    <subfield code="b">American Corporation</subfield>
    <subfield code="c">1949</subfield>
  </datafield>
  <datafield tag="300" ind1=" " ind2=" ">
    <subfield code="a">710 Page,</subfield>
    <subfield code="b">illus,</subfield>
    <subfield code="c">25 cm.</subfield>
  </datafield>
  <datafield tag="336" ind1=" " ind2=" ">
    <subfield code="2">American book stratford Press Inc :</subfield>
  </datafield>
  <datafield tag="504" ind1=" " ind2=" ">
    <subfield code="a">Index Bibliography V-1,----V-30</subfield>
  </datafield>
  <datafield tag="650" ind1=" " ind2=" ">
    <subfield code="a">Encyclopedia</subfield>
  </datafield>
  <datafield tag="942" ind1=" " ind2=" ">
    <subfield code="2">ddc</subfield>
    <subfield code="c">BK</subfield>
  </datafield>
  <datafield tag="999" ind1=" " ind2=" ">
    <subfield code="c">84823</subfield>
    <subfield code="d">84823</subfield>
  </datafield>
  <datafield tag="952" ind1=" " ind2=" ">
    <subfield code="0">0</subfield>
    <subfield code="1">0</subfield>
    <subfield code="2">ddc</subfield>
    <subfield code="4">0</subfield>
    <subfield code="7">1</subfield>
    <subfield code="a">RUCL</subfield>
    <subfield code="b">RUCL</subfield>
    <subfield code="c">REF</subfield>
    <subfield code="d">1956-08-22</subfield>
    <subfield code="e">Encyclopedia</subfield>
    <subfield code="o">R 031 AME 1949 V-1</subfield>
    <subfield code="r">2025-04-17 00:00:00</subfield>
    <subfield code="t">C-1</subfield>
    <subfield code="y">BK</subfield>
  </datafield>
  <datafield tag="952" ind1=" " ind2=" ">
    <subfield code="0">0</subfield>
    <subfield code="1">0</subfield>
    <subfield code="2">ddc</subfield>
    <subfield code="4">0</subfield>
    <subfield code="7">1</subfield>
    <subfield code="a">RUCL</subfield>
    <subfield code="b">RUCL</subfield>
    <subfield code="c">REF</subfield>
    <subfield code="d">1956-08-22</subfield>
    <subfield code="e">Encyclopedia</subfield>
    <subfield code="o">R 031 AME 1949 V-8</subfield>
    <subfield code="r">2025-04-21 00:00:00</subfield>
    <subfield code="t">C-1</subfield>
    <subfield code="y">BK</subfield>
  </datafield>
  <datafield tag="952" ind1=" " ind2=" ">
    <subfield code="0">0</subfield>
    <subfield code="1">0</subfield>
    <subfield code="2">ddc</subfield>
    <subfield code="4">0</subfield>
    <subfield code="7">1</subfield>
    <subfield code="a">RUCL</subfield>
    <subfield code="b">RUCL</subfield>
    <subfield code="c">REF</subfield>
    <subfield code="d">1956-08-22</subfield>
    <subfield code="e">Encyclopedia</subfield>
    <subfield code="o">R 031 AME 1949 V-7</subfield>
    <subfield code="r">2025-04-21 00:00:00</subfield>
    <subfield code="t">C-1</subfield>
    <subfield code="y">BK</subfield>
  </datafield>
  <datafield tag="952" ind1=" " ind2=" ">
    <subfield code="0">0</subfield>
    <subfield code="1">0</subfield>
    <subfield code="2">ddc</subfield>
    <subfield code="4">0</subfield>
    <subfield code="7">1</subfield>
    <subfield code="a">RUCL</subfield>
    <subfield code="b">RUCL</subfield>
    <subfield code="c">REF</subfield>
    <subfield code="d">1956-08-22</subfield>
    <subfield code="e">Encyclopedia</subfield>
    <subfield code="o">R 031 AME 1949 V-6</subfield>
    <subfield code="r">2025-04-21 00:00:00</subfield>
    <subfield code="t">C-1</subfield>
    <subfield code="y">BK</subfield>
  </datafield>
  <datafield tag="952" ind1=" " ind2=" ">
    <subfield code="0">0</subfield>
    <subfield code="1">0</subfield>
    <subfield code="2">ddc</subfield>
    <subfield code="4">0</subfield>
    <subfield code="7">1</subfield>
    <subfield code="a">RUCL</subfield>
    <subfield code="b">RUCL</subfield>
    <subfield code="c">REF</subfield>
    <subfield code="d">1956-08-22</subfield>
    <subfield code="e">Encyclopedia</subfield>
    <subfield code="o">R 031 AME 1949 V-5</subfield>
    <subfield code="r">2025-04-21 00:00:00</subfield>
    <subfield code="t">C-1</subfield>
    <subfield code="y">BK</subfield>
  </datafield>
  <datafield tag="952" ind1=" " ind2=" ">
    <subfield code="0">0</subfield>
    <subfield code="1">0</subfield>
    <subfield code="2">ddc</subfield>
    <subfield code="4">0</subfield>
    <subfield code="7">1</subfield>
    <subfield code="a">RUCL</subfield>
    <subfield code="b">RUCL</subfield>
    <subfield code="c">REF</subfield>
    <subfield code="d">1956-08-22</subfield>
    <subfield code="e">Encyclopedia</subfield>
    <subfield code="l">0</subfield>
    <subfield code="o">R 031 AME 1949 V-4</subfield>
    <subfield code="r">2025-04-21 00:00:00</subfield>
    <subfield code="t">C-1</subfield>
    <subfield code="w">2025-04-21</subfield>
    <subfield code="y">BK</subfield>
  </datafield>
  <datafield tag="952" ind1=" " ind2=" ">
    <subfield code="0">0</subfield>
    <subfield code="1">0</subfield>
    <subfield code="2">ddc</subfield>
    <subfield code="4">0</subfield>
    <subfield code="7">1</subfield>
    <subfield code="a">RUCL</subfield>
    <subfield code="b">RUCL</subfield>
    <subfield code="c">REF</subfield>
    <subfield code="d">1956-08-22</subfield>
    <subfield code="e">Encyclopedia</subfield>
    <subfield code="l">0</subfield>
    <subfield code="o">R 031 AME 1949 V-3</subfield>
    <subfield code="r">2025-04-21 00:00:00</subfield>
    <subfield code="t">C-1</subfield>
    <subfield code="w">2025-04-21</subfield>
    <subfield code="y">BK</subfield>
  </datafield>
  <datafield tag="952" ind1=" " ind2=" ">
    <subfield code="0">0</subfield>
    <subfield code="1">0</subfield>
    <subfield code="2">ddc</subfield>
    <subfield code="4">0</subfield>
    <subfield code="7">1</subfield>
    <subfield code="a">RUCL</subfield>
    <subfield code="b">RUCL</subfield>
    <subfield code="c">REF</subfield>
    <subfield code="d">1956-08-22</subfield>
    <subfield code="e">Encyclopedia</subfield>
    <subfield code="l">0</subfield>
    <subfield code="o">R 031 AME 1949 V-2</subfield>
    <subfield code="r">2025-04-21 00:00:00</subfield>
    <subfield code="t">C-1</subfield>
    <subfield code="w">2025-04-21</subfield>
    <subfield code="y">BK</subfield>
  </datafield>
  <datafield tag="952" ind1=" " ind2=" ">
    <subfield code="0">0</subfield>
    <subfield code="1">0</subfield>
    <subfield code="2">ddc</subfield>
    <subfield code="4">0</subfield>
    <subfield code="7">1</subfield>
    <subfield code="a">RUCL</subfield>
    <subfield code="b">RUCL</subfield>
    <subfield code="c">REF</subfield>
    <subfield code="d">1956-08-22</subfield>
    <subfield code="e">Encyclopedia</subfield>
    <subfield code="l">0</subfield>
    <subfield code="o">R 031 AME 1949 V-17</subfield>
    <subfield code="r">2025-04-21 00:00:00</subfield>
    <subfield code="t">C-1</subfield>
    <subfield code="w">2025-04-21</subfield>
    <subfield code="y">BK</subfield>
  </datafield>
  <datafield tag="952" ind1=" " ind2=" ">
    <subfield code="0">0</subfield>
    <subfield code="1">0</subfield>
    <subfield code="2">ddc</subfield>
    <subfield code="4">0</subfield>
    <subfield code="7">1</subfield>
    <subfield code="a">RUCL</subfield>
    <subfield code="b">RUCL</subfield>
    <subfield code="c">REF</subfield>
    <subfield code="d">1956-08-22</subfield>
    <subfield code="e">Encyclopedia</subfield>
    <subfield code="l">0</subfield>
    <subfield code="o">R 031 AME 1949 V-9</subfield>
    <subfield code="r">2025-04-21 00:00:00</subfield>
    <subfield code="t">C-1</subfield>
    <subfield code="w">2025-04-21</subfield>
    <subfield code="y">BK</subfield>
  </datafield>
  <datafield tag="952" ind1=" " ind2=" ">
    <subfield code="0">0</subfield>
    <subfield code="1">0</subfield>
    <subfield code="2">ddc</subfield>
    <subfield code="4">0</subfield>
    <subfield code="7">1</subfield>
    <subfield code="a">RUCL</subfield>
    <subfield code="b">RUCL</subfield>
    <subfield code="c">REF</subfield>
    <subfield code="d">1956-08-22</subfield>
    <subfield code="e">Encyclopedia</subfield>
    <subfield code="l">0</subfield>
    <subfield code="o">R 031 AME 1949 V-30</subfield>
    <subfield code="r">2025-04-21 00:00:00</subfield>
    <subfield code="t">C-1</subfield>
    <subfield code="w">2025-04-21</subfield>
    <subfield code="y">BK</subfield>
  </datafield>
  <datafield tag="952" ind1=" " ind2=" ">
    <subfield code="0">0</subfield>
    <subfield code="1">0</subfield>
    <subfield code="2">ddc</subfield>
    <subfield code="4">0</subfield>
    <subfield code="7">1</subfield>
    <subfield code="a">RUCL</subfield>
    <subfield code="b">RUCL</subfield>
    <subfield code="c">REF</subfield>
    <subfield code="d">1956-08-22</subfield>
    <subfield code="e">Encyclopedia</subfield>
    <subfield code="l">0</subfield>
    <subfield code="o">R 031 AME 1950 </subfield>
    <subfield code="r">2025-04-21 00:00:00</subfield>
    <subfield code="t">C-1</subfield>
    <subfield code="w">2025-04-21</subfield>
    <subfield code="y">BK</subfield>
  </datafield>
  <datafield tag="952" ind1=" " ind2=" ">
    <subfield code="0">0</subfield>
    <subfield code="1">0</subfield>
    <subfield code="2">ddc</subfield>
    <subfield code="4">0</subfield>
    <subfield code="7">1</subfield>
    <subfield code="a">RUCL</subfield>
    <subfield code="b">RUCL</subfield>
    <subfield code="c">REF</subfield>
    <subfield code="d">1956-08-22</subfield>
    <subfield code="e">Encyclopedia</subfield>
    <subfield code="l">0</subfield>
    <subfield code="o">R 031 AME 1951</subfield>
    <subfield code="r">2025-04-21 00:00:00</subfield>
    <subfield code="t">C-1</subfield>
    <subfield code="w">2025-04-21</subfield>
    <subfield code="y">BK</subfield>
  </datafield>
  <datafield tag="952" ind1=" " ind2=" ">
    <subfield code="0">0</subfield>
    <subfield code="1">0</subfield>
    <subfield code="2">ddc</subfield>
    <subfield code="4">0</subfield>
    <subfield code="7">1</subfield>
    <subfield code="a">RUCL</subfield>
    <subfield code="b">RUCL</subfield>
    <subfield code="c">REF</subfield>
    <subfield code="d">1956-08-22</subfield>
    <subfield code="e">Encyclopedia</subfield>
    <subfield code="l">0</subfield>
    <subfield code="o">R 031 AME 1949 V-19</subfield>
    <subfield code="r">2025-04-22 00:00:00</subfield>
    <subfield code="t">C-1</subfield>
    <subfield code="w">2025-04-22</subfield>
    <subfield code="y">BK</subfield>
  </datafield>
  <datafield tag="952" ind1=" " ind2=" ">
    <subfield code="0">0</subfield>
    <subfield code="1">0</subfield>
    <subfield code="2">ddc</subfield>
    <subfield code="4">0</subfield>
    <subfield code="7">1</subfield>
    <subfield code="a">RUCL</subfield>
    <subfield code="b">RUCL</subfield>
    <subfield code="c">REF</subfield>
    <subfield code="d">1956-08-22</subfield>
    <subfield code="e">Encyclopedia</subfield>
    <subfield code="l">0</subfield>
    <subfield code="o">R 031 AME 1949 V-12</subfield>
    <subfield code="r">2025-04-22 00:00:00</subfield>
    <subfield code="t">C-1</subfield>
    <subfield code="w">2025-04-22</subfield>
    <subfield code="y">BK</subfield>
  </datafield>
  <datafield tag="952" ind1=" " ind2=" ">
    <subfield code="0">0</subfield>
    <subfield code="1">0</subfield>
    <subfield code="2">ddc</subfield>
    <subfield code="4">0</subfield>
    <subfield code="7">1</subfield>
    <subfield code="a">RUCL</subfield>
    <subfield code="b">RUCL</subfield>
    <subfield code="c">REF</subfield>
    <subfield code="d">1956-08-22</subfield>
    <subfield code="e">Encyclopedia</subfield>
    <subfield code="l">0</subfield>
    <subfield code="o">R 031 AME 1949 V-15</subfield>
    <subfield code="r">2025-04-22 00:00:00</subfield>
    <subfield code="t">C-1</subfield>
    <subfield code="w">2025-04-22</subfield>
    <subfield code="y">BK</subfield>
  </datafield>
  <datafield tag="952" ind1=" " ind2=" ">
    <subfield code="0">0</subfield>
    <subfield code="1">0</subfield>
    <subfield code="2">ddc</subfield>
    <subfield code="4">0</subfield>
    <subfield code="7">1</subfield>
    <subfield code="a">RUCL</subfield>
    <subfield code="b">RUCL</subfield>
    <subfield code="c">REF</subfield>
    <subfield code="d">1956-08-22</subfield>
    <subfield code="e">Encyclopedia</subfield>
    <subfield code="l">0</subfield>
    <subfield code="o">R 031 AME 1949 V-14</subfield>
    <subfield code="r">2025-04-22 00:00:00</subfield>
    <subfield code="t">C-1</subfield>
    <subfield code="w">2025-04-22</subfield>
    <subfield code="y">BK</subfield>
  </datafield>
  <datafield tag="952" ind1=" " ind2=" ">
    <subfield code="0">0</subfield>
    <subfield code="1">0</subfield>
    <subfield code="2">ddc</subfield>
    <subfield code="4">0</subfield>
    <subfield code="7">1</subfield>
    <subfield code="a">RUCL</subfield>
    <subfield code="b">RUCL</subfield>
    <subfield code="c">REF</subfield>
    <subfield code="d">1956-08-22</subfield>
    <subfield code="e">Encyclopedia</subfield>
    <subfield code="l">0</subfield>
    <subfield code="o">R 031 AME 1949 V-13</subfield>
    <subfield code="r">2025-04-22 00:00:00</subfield>
    <subfield code="t">C-1</subfield>
    <subfield code="w">2025-04-22</subfield>
    <subfield code="y">BK</subfield>
  </datafield>
  <datafield tag="952" ind1=" " ind2=" ">
    <subfield code="0">0</subfield>
    <subfield code="1">0</subfield>
    <subfield code="2">ddc</subfield>
    <subfield code="4">0</subfield>
    <subfield code="7">1</subfield>
    <subfield code="a">RUCL</subfield>
    <subfield code="b">RUCL</subfield>
    <subfield code="c">REF</subfield>
    <subfield code="d">1956-08-22</subfield>
    <subfield code="e">Encyclopedia</subfield>
    <subfield code="l">0</subfield>
    <subfield code="o">R 031 AME 1949 V-11</subfield>
    <subfield code="r">2025-04-22 00:00:00</subfield>
    <subfield code="t">C-1</subfield>
    <subfield code="w">2025-04-22</subfield>
    <subfield code="y">BK</subfield>
  </datafield>
  <datafield tag="952" ind1=" " ind2=" ">
    <subfield code="0">0</subfield>
    <subfield code="1">0</subfield>
    <subfield code="2">ddc</subfield>
    <subfield code="4">0</subfield>
    <subfield code="7">1</subfield>
    <subfield code="a">RUCL</subfield>
    <subfield code="b">RUCL</subfield>
    <subfield code="c">REF</subfield>
    <subfield code="d">1956-08-22</subfield>
    <subfield code="e">Encyclopedia</subfield>
    <subfield code="l">0</subfield>
    <subfield code="o">R 031 AME 1949 V-10</subfield>
    <subfield code="r">2025-04-22 00:00:00</subfield>
    <subfield code="t">C-1</subfield>
    <subfield code="w">2025-04-22</subfield>
    <subfield code="y">BK</subfield>
  </datafield>
  <datafield tag="952" ind1=" " ind2=" ">
    <subfield code="0">0</subfield>
    <subfield code="1">0</subfield>
    <subfield code="2">ddc</subfield>
    <subfield code="4">0</subfield>
    <subfield code="7">1</subfield>
    <subfield code="a">RUCL</subfield>
    <subfield code="b">RUCL</subfield>
    <subfield code="c">REF</subfield>
    <subfield code="d">1956-08-22</subfield>
    <subfield code="e">Encyclopedia</subfield>
    <subfield code="l">0</subfield>
    <subfield code="o">R 031 AME 1949 V-16</subfield>
    <subfield code="r">2025-04-22 00:00:00</subfield>
    <subfield code="t">C-1</subfield>
    <subfield code="w">2025-04-22</subfield>
    <subfield code="y">BK</subfield>
  </datafield>
  <datafield tag="952" ind1=" " ind2=" ">
    <subfield code="0">0</subfield>
    <subfield code="1">0</subfield>
    <subfield code="2">ddc</subfield>
    <subfield code="4">0</subfield>
    <subfield code="7">1</subfield>
    <subfield code="a">RUCL</subfield>
    <subfield code="b">RUCL</subfield>
    <subfield code="c">REF</subfield>
    <subfield code="d">1956-08-22</subfield>
    <subfield code="e">Encyclopedia</subfield>
    <subfield code="l">0</subfield>
    <subfield code="o">R 031 AME 1949 V-18</subfield>
    <subfield code="r">2025-04-22 00:00:00</subfield>
    <subfield code="t">C-1</subfield>
    <subfield code="w">2025-04-22</subfield>
    <subfield code="y">BK</subfield>
  </datafield>
  <datafield tag="952" ind1=" " ind2=" ">
    <subfield code="0">0</subfield>
    <subfield code="1">0</subfield>
    <subfield code="2">ddc</subfield>
    <subfield code="4">0</subfield>
    <subfield code="7">1</subfield>
    <subfield code="a">RUCL</subfield>
    <subfield code="b">RUCL</subfield>
    <subfield code="c">REF</subfield>
    <subfield code="d">1956-08-22</subfield>
    <subfield code="e">Encyclopedia</subfield>
    <subfield code="l">0</subfield>
    <subfield code="o">R 031 AME 1949 V-29</subfield>
    <subfield code="r">2025-04-22 00:00:00</subfield>
    <subfield code="t">C-1</subfield>
    <subfield code="w">2025-04-22</subfield>
    <subfield code="y">BK</subfield>
  </datafield>
  <datafield tag="952" ind1=" " ind2=" ">
    <subfield code="0">0</subfield>
    <subfield code="1">0</subfield>
    <subfield code="2">ddc</subfield>
    <subfield code="4">0</subfield>
    <subfield code="7">1</subfield>
    <subfield code="a">RUCL</subfield>
    <subfield code="b">RUCL</subfield>
    <subfield code="c">REF</subfield>
    <subfield code="d">1956-08-22</subfield>
    <subfield code="e">Encyclopedia</subfield>
    <subfield code="l">0</subfield>
    <subfield code="o">R 031 AME 1949 V-28</subfield>
    <subfield code="r">2025-04-22 00:00:00</subfield>
    <subfield code="t">C-1</subfield>
    <subfield code="w">2025-04-22</subfield>
    <subfield code="y">BK</subfield>
  </datafield>
  <datafield tag="952" ind1=" " ind2=" ">
    <subfield code="0">0</subfield>
    <subfield code="1">0</subfield>
    <subfield code="2">ddc</subfield>
    <subfield code="4">0</subfield>
    <subfield code="7">1</subfield>
    <subfield code="a">RUCL</subfield>
    <subfield code="b">RUCL</subfield>
    <subfield code="c">REF</subfield>
    <subfield code="d">1956-08-22</subfield>
    <subfield code="e">Encyclopedia</subfield>
    <subfield code="l">0</subfield>
    <subfield code="o">R 031 AME 1949 V-27</subfield>
    <subfield code="r">2025-04-22 00:00:00</subfield>
    <subfield code="t">C-1</subfield>
    <subfield code="w">2025-04-22</subfield>
    <subfield code="y">BK</subfield>
  </datafield>
  <datafield tag="952" ind1=" " ind2=" ">
    <subfield code="0">0</subfield>
    <subfield code="1">0</subfield>
    <subfield code="2">ddc</subfield>
    <subfield code="4">0</subfield>
    <subfield code="7">1</subfield>
    <subfield code="a">RUCL</subfield>
    <subfield code="b">RUCL</subfield>
    <subfield code="c">REF</subfield>
    <subfield code="d">1956-08-22</subfield>
    <subfield code="e">Encyclopedia</subfield>
    <subfield code="l">0</subfield>
    <subfield code="o">R 031 AME 1949 V-26</subfield>
    <subfield code="r">2025-04-22 00:00:00</subfield>
    <subfield code="t">C-1</subfield>
    <subfield code="w">2025-04-22</subfield>
    <subfield code="y">BK</subfield>
  </datafield>
  <datafield tag="952" ind1=" " ind2=" ">
    <subfield code="0">0</subfield>
    <subfield code="1">0</subfield>
    <subfield code="2">ddc</subfield>
    <subfield code="4">0</subfield>
    <subfield code="7">1</subfield>
    <subfield code="a">RUCL</subfield>
    <subfield code="b">RUCL</subfield>
    <subfield code="c">REF</subfield>
    <subfield code="d">1956-08-22</subfield>
    <subfield code="e">Encyclopedia</subfield>
    <subfield code="l">0</subfield>
    <subfield code="o">R 031 AME 1949 V-25</subfield>
    <subfield code="r">2025-04-22 00:00:00</subfield>
    <subfield code="t">C-1</subfield>
    <subfield code="w">2025-04-22</subfield>
    <subfield code="y">BK</subfield>
  </datafield>
  <datafield tag="952" ind1=" " ind2=" ">
    <subfield code="0">0</subfield>
    <subfield code="1">0</subfield>
    <subfield code="2">ddc</subfield>
    <subfield code="4">0</subfield>
    <subfield code="7">1</subfield>
    <subfield code="a">RUCL</subfield>
    <subfield code="b">RUCL</subfield>
    <subfield code="c">REF</subfield>
    <subfield code="d">1956-08-22</subfield>
    <subfield code="e">Encyclopedia</subfield>
    <subfield code="l">0</subfield>
    <subfield code="o">R 031 AME 1949 V-22</subfield>
    <subfield code="r">2025-04-22 00:00:00</subfield>
    <subfield code="t">C-1</subfield>
    <subfield code="w">2025-04-22</subfield>
    <subfield code="y">BK</subfield>
  </datafield>
  <datafield tag="952" ind1=" " ind2=" ">
    <subfield code="0">0</subfield>
    <subfield code="1">0</subfield>
    <subfield code="2">ddc</subfield>
    <subfield code="4">0</subfield>
    <subfield code="7">1</subfield>
    <subfield code="a">RUCL</subfield>
    <subfield code="b">RUCL</subfield>
    <subfield code="c">REF</subfield>
    <subfield code="d">1956-08-22</subfield>
    <subfield code="e">Encyclopedia</subfield>
    <subfield code="l">0</subfield>
    <subfield code="o">R 031 AME 1949 V-24</subfield>
    <subfield code="r">2025-04-22 00:00:00</subfield>
    <subfield code="t">C-1</subfield>
    <subfield code="w">2025-04-22</subfield>
    <subfield code="y">BK</subfield>
  </datafield>
  <datafield tag="952" ind1=" " ind2=" ">
    <subfield code="0">0</subfield>
    <subfield code="1">0</subfield>
    <subfield code="2">ddc</subfield>
    <subfield code="4">0</subfield>
    <subfield code="7">1</subfield>
    <subfield code="a">RUCL</subfield>
    <subfield code="b">RUCL</subfield>
    <subfield code="c">REF</subfield>
    <subfield code="d">1956-08-22</subfield>
    <subfield code="e">Encyclopedia</subfield>
    <subfield code="l">0</subfield>
    <subfield code="o">R 031 AME 1949 V-23</subfield>
    <subfield code="r">2025-04-22 00:00:00</subfield>
    <subfield code="t">C-1</subfield>
    <subfield code="w">2025-04-22</subfield>
    <subfield code="y">BK</subfield>
  </datafield>
  <datafield tag="952" ind1=" " ind2=" ">
    <subfield code="0">0</subfield>
    <subfield code="1">0</subfield>
    <subfield code="2">ddc</subfield>
    <subfield code="4">0</subfield>
    <subfield code="7">1</subfield>
    <subfield code="a">RUCL</subfield>
    <subfield code="b">RUCL</subfield>
    <subfield code="c">REF</subfield>
    <subfield code="d">1956-08-22</subfield>
    <subfield code="e">Encyclopedia</subfield>
    <subfield code="l">0</subfield>
    <subfield code="o">R 031 AME 1949 V-21</subfield>
    <subfield code="r">2025-04-22 00:00:00</subfield>
    <subfield code="t">C-1</subfield>
    <subfield code="w">2025-04-22</subfield>
    <subfield code="y">BK</subfield>
  </datafield>
  <datafield tag="952" ind1=" " ind2=" ">
    <subfield code="0">0</subfield>
    <subfield code="1">0</subfield>
    <subfield code="2">ddc</subfield>
    <subfield code="4">0</subfield>
    <subfield code="7">1</subfield>
    <subfield code="a">RUCL</subfield>
    <subfield code="b">RUCL</subfield>
    <subfield code="c">REF</subfield>
    <subfield code="d">1956-08-25</subfield>
    <subfield code="e">Encyclopedia</subfield>
    <subfield code="o">R 031 AME 1949 V-20</subfield>
    <subfield code="r">2025-04-30 00:00:00</subfield>
    <subfield code="t">C-1</subfield>
    <subfield code="y">BK</subfield>
  </datafield>
</record>
